Представление документа в формате RUSMARC

ПолеНазваниеЗначение
  Тип записи a
  Библиографический уровень a
001 Контрольный номер c5cc24199ce74422856142460238d28d
005 Дата корректировки 20260417155725.6
100 Данные общей обработки __
a Данные общей обработки 20260410 ||| 0rusy0189 ca
101 Язык документа 0_
a Язык текста rus
102 Страна публикации __
a Страна публикации RU
200 Заглавие и сведения об ответственности 1_
a Заглавие «Никогда не говори, что устала…»
e Сведения, относящиеся к заглавию [в Технопарке «Сколково» в рамках фотовыставки проекта «Химия была, но мы расстались» прошёл круглый стол «Результаты исследования уровня онкофобии в российском обществе»]
f Первые сведения об ответственности Т. Агушина
461 Уровень набора _0
1 2000
a Будь здоров!
463 Уровень физической единицы _0
1 2000
a № 3
v С. 38-43 : фот.
1 2101
d 2026
1 001d8537e6f1b71483e9c9b4afe055373dc
517 Другие варианты заглавия 1_
a Другие варианты заглавия Никогда не говори, что устала
606 Тематические рубрики 0_
a Основная рубрика Социальная медицина и организация здравоохранения
606 Тематические рубрики 0_
a Основная рубрика Болезни, их предупреждение и лечение
610 Ключевые слова 0_
a Ключевые слова онкологические заболевания, онкология, онкофобия, круглые столы, проекты, фотовыставки, химиотерапия, диагностика онкологии, лечение онкологии, онкограмотность, меры поддержки, поддержка онкопациентов, онкологические больные
686 Индексы других классификаций __
a Классификационный индекс 51.1
686 Индексы других классификаций __
a Классификационный индекс 57
700 Автор _1
a Фамилия Агушина
b Имя (инициалы) Т.
g Полное личное имя Татьяна
801 Источник записи _0
a Страна RU
b Организация УОБДЮ
c Дата составления 20260410
g Правила каталогизации RCR
801 Источник записи _1
a Страна RU
b Организация УОБДЮ
c Дата составления 20260410
g Правила каталогизации RCR
901 Тип документа __
t Тип документа b
w Контрольный № источника d8537e6f1b71483e9c9b4afe055373dc
905 Данные по созданию БЗ __
b Логин пользователя, который создал БЗ ibo3